000 00242nam a22000977a 4500
008 170112b xxu||||| |||| 00| 0 eng d
041 _aeng
080 _23RD
_a618.2
245 _aNURSING PROCESS AND NURSING DIAGNOSIS
_cIYER, P.W
942 _2udc
_cBK
999 _c2840
_d2840